| 000 | 00652cam a2200217 a 4500 | ||
|---|---|---|---|
| 001 | 16650479 | ||
| 005 | 20241024094338.0 | ||
| 008 | 110214s2008 gh 001 0 eng | ||
| 020 | _a9789964960186 | ||
| 020 | _a9964960182 | ||
| 050 | 0 | 0 |
_aKRX3794.3196 _b.M46 2008 |
| 100 | 1 | _aMensa-Bonsu, Henrietta J. A. N. | |
| 245 | 1 | 4 |
_aThe annotated Criminal Offences Act of Ghana / _cHenrietta H.J.A.N. Mensa-Bonsu. |
| 250 | _a5th ed. | ||
| 260 |
_aAccra : _bBlack Mask, _c2008. |
||
| 300 |
_axxxiv, 254 p. ; _c22 cm. |
||
| 500 | _aIncludes index. | ||
| 650 | 0 |
_aCriminal law _zGhana. |
|
| 710 | 1 | 2 |
_aGhana. _tCriminal Offences Act, 1960. |
| 942 |
_2lcc _cBK _n0 |
||
| 999 |
_c161 _d161 |
||